000 00519nam a2200181Ia 4500
008 151018s9999 xx 000 0 und d
082 _bRBASDV15542
_a891.463
100 _aव बा बोधे
245 _aचांगभल
250 _b1
260 _bगुलमोहर प्रकाशन सातारा
_c1982
300 _a204
600 _aव बा बोधे
630 _aचांगभल
700 _aव बा बोधे
730 _aचांगभल
942 _cBOOK
999 _c1016269
_d1016266